| 000 | 01240nam a2200313Ia 4500 | ||
|---|---|---|---|
| 001 | ebr10395144 | ||
| 003 | CaPaEBR | ||
| 006 | m u | ||
| 007 | cr cn||||||||| | ||
| 008 | 091027s2010 kyu sb s001 0 eng d | ||
| 010 | _z 2009045426 | ||
| 020 | _z9780813125718 (hardcover : alk. paper) | ||
| 040 |
_aCaPaEBR _cCaPaEBR |
||
| 035 | _a(OCoLC)646068676 | ||
| 050 | 1 | 4 |
_aHM1271 _b.D37 2010eb |
| 082 | 0 | 4 |
_a305.8001 _222 |
| 100 | 1 |
_aDallmayr, Fred R. _q(Fred Reinhard), _d1928- |
|
| 245 | 1 | 0 |
_aIntegral pluralism _h[electronic resource] : _bbeyond culture wars / _cFred Dallmayr. |
| 260 |
_aLexington, KY : _bUniversity Press of Kentucky, _cc2010. |
||
| 300 | _axiii, 231 p. | ||
| 504 | _aIncludes bibliographical references and index. | ||
| 533 |
_aElectronic reproduction. _bPalo Alto, Calif. : _cebrary, _d2010. _nAvailable via World Wide Web. _nAccess may be limited to ebrary affiliated libraries. |
||
| 650 | 0 | _aCultural pluralism. | |
| 650 | 0 | _aIntercultural communication. | |
| 650 | 0 | _aPhilosophy, Comparative. | |
| 655 | 7 |
_aElectronic books. _2local |
|
| 710 | 2 | _aebrary, Inc. | |
| 856 | 4 | 0 |
_uhttp://site.ebrary.com/lib/rucke/Doc?id=10395144 _zAn electronic book accessible through the World Wide Web; click to view |
| 999 |
_c88252 _d88252 |
||